Mao Zedong :a biography / (Record no. 168259)

MARC details
000 -LEADER
fixed length control field 00645nam a22002057a 4500
005 - DATE AND TIME OF LATEST TRANSACTION
control field 20191001125216.0
010 ## - LCCN (DPL NO)
LC control number B-730467
020 ## - INTERNATIONAL STANDARD BOOK NUMBER
International Standard Book Number 9789384401214
Terms of availability 160.00
035 ## - SYSTEM CONTROL NUMBER
System control number B-730467
037 ## - SOURCE OF ACQUISITION
Stock number DPL
Source of stock number/acquisition Pancy
082 ## - DEWEY DECIMAL CLASSIFICATION NUMBER
Classification number 920
245 ## - TITLE STATEMENT
Title Mao Zedong :a biography /
Remainder of title edited by Kaushal K. Goyal
260 ## - PUBLICATION, DISTRIBUTION, ETC. (IMPRINT)
Place of publication, distribution, etc New Delhi
Name of publisher, distributor, etc Pigeon Books India
Date of publication, distribution, etc 2015
270 ## - ADDRESS
Address 16, Ansari Road,Daryaganj,
City New Delhi
Postal code 110002
300 ## - PHYSICAL DESCRIPTION
Extent 171p.
Other physical details 20cm.(pbk)
Dimensions ill.
490 ## - SERIES STATEMENT
Series statement Pigeon Biography Series
700 ## - ADDED ENTRY--PERSONAL NAME
Dates associated with a name Goyal,Kaushal K.
942 ## - ADDED ENTRY ELEMENTS (KOHA)
Source of classification or shelving scheme Dewey Decimal Classification
Item type Children Books
Classification part 920
Call number suffix MAO

No items available.


© Delhi Public Library
Hit Counter
free hit counter